MARC details
| 000 -LEADER |
| fixed length control field |
01805nam a2200277 a 4500 |
| 008 - FIXED-LENGTH DATA ELEMENTS--GENERAL INFORMATION |
| fixed length control field |
201117s2015 ||||||||||||||||| || u |
| 020 ## - INTERNATIONAL STANDARD BOOK NUMBER |
| International Standard Book Number |
9781782943372 |
| 050 ## - LIBRARY OF CONGRESS CALL NUMBER |
| Classification number |
QH 308.7 Lev |
| 100 ## - MAIN ENTRY--PERSONAL NAME |
| Personal name |
Thompsom, Hayley |
| 245 10 - TITLE STATEMENT |
| Title |
A- level year 2 Biology exam board: OCR A complete revision and practice |
| Statement of responsibility, etc. |
Edited by Charlotte Burrows; Christopher McCarry; Claire Plowman; Rachael Rogers; Hayley Thompsom |
| 260 ## - PUBLICATION, DISTRIBUTION, ETC. |
| Place of publication, distribution, etc. |
Newcastle |
| Name of publisher, distributor, etc. |
CGP |
| Date of publication, distribution, etc. |
2015 |
| 300 ## - PHYSICAL DESCRIPTION |
| Extent |
134 pages: illustrations |
| 350 ## - |
| -- |
37.16 |
| 650 #0 - SUBJECT ADDED ENTRY--TOPICAL TERM |
| Topical term or geographic name entry element |
BIOLOGY |
| 650 ## - SUBJECT ADDED ENTRY--TOPICAL TERM |
| Topical term or geographic name entry element |
BIOLOGY--EXAMINATIONS--STUDY GUIDE |
| 700 ## - ADDED ENTRY--PERSONAL NAME |
| Personal name |
McGarry, Christopher |
| 700 ## - ADDED ENTRY--PERSONAL NAME |
| Personal name |
Burrows, Charlotte |
| 700 ## - ADDED ENTRY--PERSONAL NAME |
| Personal name |
Plowman, Claire |
| 700 ## - ADDED ENTRY--PERSONAL NAME |
| Personal name |
Rogers, Rachael |
| 995 ## - |
| -- |
MAIN LIBRARY OPEN ACCESS |
| -- |
750573 |
| -- |
CBU-MAIN LIBRARY (Kitwe) |
| -- |
37.16 |
| -- |
QH 308.7 Lev |
| -- |
2 |
| -- |
AVAILABLE |
| -- |
Dec 8, 2020 |
| -- |
750573 |
| -- |
Main Library Open Access Collection |
| 995 ## - |
| -- |
MAIN LIBRARY OPEN ACCESS |
| -- |
750575 |
| -- |
CBU-MAIN LIBRARY (Kitwe) |
| -- |
37.16 |
| -- |
QH 308.7 Lev |
| -- |
4 |
| -- |
AVAILABLE |
| -- |
Dec 8, 2020 |
| -- |
750575 |
| -- |
Main Library Open Access Collection |
| 995 ## - |
| -- |
MEDICAL LIBRARY OPEN ACCESS |
| -- |
905171 |
| -- |
CBU-SCHOOL OF MEDICINE LIBRARY (Ndola) |
| -- |
37.16 |
| -- |
QH 308.7 Lev |
| -- |
1 |
| -- |
AVAILABLE |
| -- |
Nov 23, 2020 |
| -- |
905171 |
| -- |
Medical Library Open Access Collection |
| 995 ## - |
| -- |
KAPASA MAKASA LIBRARY OPEN ACCESS |
| -- |
36.55 |
| -- |
750623 |
| -- |
CBU-KAPASA MAKASA LIBRARY (Chinsali) |
| -- |
37.16 |
| -- |
QH 308.7 Lev |
| -- |
6 |
| -- |
AVAILABLE |
| -- |
Jan 20, 2021 |
| -- |
750623 |
| -- |
Kapasa Makasa Library Open Acess Collection |
| 995 ## - |
| -- |
MAIN LIBRARY OPEN ACCESS |
| -- |
750574 |
| -- |
CBU-MAIN LIBRARY (Kitwe) |
| -- |
37.16 |
| -- |
QH 308.7 Lev |
| -- |
3 |
| -- |
AVAILABLE |
| -- |
Dec 8, 2020 |
| -- |
750574 |
| -- |
Main Library Open Access Collection |
| 995 ## - |
| -- |
KAPASA MAKASA LIBRARY OPEN ACCESS |
| -- |
36.55 |
| -- |
750622 |
| -- |
CBU-KAPASA MAKASA LIBRARY (Chinsali) |
| -- |
37.16 |
| -- |
QH 308.7 Lev |
| -- |
5 |
| -- |
AVAILABLE |
| -- |
Jan 20, 2021 |
| -- |
750622 |
| -- |
Kapasa Makasa Library Open Acess Collection |
| 999 ## - |
| -- |
63647 |
| -- |
63647 |